[Event "Aix les Bains op 1st"]
[Site "Aix les Bains"]
[Date "2014.08.10"]
[Round "5"]
[White "Bandet, Raphael"]
[Black "Py, Walter"]
[Result "0-1"]
[WhiteElo "1915"]
[BlackElo "2063"]
[PlyCount "106"]
[EventDate "2014.08.10"]
[EventType "swiss"]
[EventRounds "7"]
[EventCountry "FRA"]
[SourceTitle "CBM 161 Extra"]
[Source "ChessBase"]
[SourceDate "2014.08.29"]
[SourceVersion "1"]
[SourceVersionDate "2014.08.29"]
[SourceQuality "1"]

1. e4 e5 2. Nf3 Nc6 3. Bc4 Nf6 4. d3 Bc5 5. c3 Bb6 6. Bb3 d6 7. Nbd2 Be6 8. Nc4 0-0 9. Nxb6 axb6 10. Bg5 h6 11. Bh4 Qe7 12. 0-0 Na5 13. Bc2 Bg4 14. h3 Bh5 15. g4 Bg6 16. g5 hxg5 17. Nxg5 Qd7 18. b4 Nc6 19. Bb3 Nh5 20. Kh2 Kh8 21. Rg1 Rae8 22. Qf3 Nf4 23. Bg3 Bh5 24. Qe3 f6 25. Bxf4 exf4 26. Qxf4 fxg5 27. Rxg5 Bf7 28. Qh4+ Kg8 29. Rag1 Bxb3 30. Rh5 Qe6 31. Rh7 Qe5+ 32. f4 Qxf4+ 33. Qxf4 Rxf4 34. Rgxg7+ Kf8 35. axb3 Re7 36. Rxe7 Nxe7 37. Kg3 Rf1 38. Rh8+ Ng8 39. Rh7 Rf7 40. Rh5 Rg7+ 41. Kf4 Kf7 42. Rh8 Kg6 43. Kg3 Kf6+ 44. Kf3 Rg1 45. Rh7 Ne7 46. d4 Rc1 47. c4 Rc3+ 48. Kg4 Rxb3 49. h4 Rxb4 50. h5 Rxc4 51. h6 Rc1 52. Rh8 Rg1+ 53. Kh5 Rg5+ 0-1

[Event "Aix les Bains op 1st"]
[Site "Aix les Bains"]
[Date "2014.08.10"]
[Round "3"]
[White "Navrotescu, Andreea Cristiana"]
[Black "Py, Walter"]
[Result "1-0"]
[WhiteElo "2208"]
[BlackElo "2063"]
[PlyCount "73"]
[EventDate "2014.08.10"]
[EventType "swiss"]
[EventRounds "7"]
[EventCountry "FRA"]
[SourceTitle "CBM 161 Extra"]
[Source "ChessBase"]
[SourceDate "2014.08.29"]
[SourceVersion "1"]
[SourceVersionDate "2014.08.29"]
[SourceQuality "1"]

1. c4 Nf6 2. Nc3 c6 3. d4 d5 4. Nf3 g6 5. Bf4 Bg7 6. e3 0-0 7. Rc1 e6 8. Bd3 b6 9. e4 dxe4 10. Nxe4 Nxe4 11. Bxe4 Bb7 12. Qd2 Nd7 13. c5 Nf6 14. Bd3 Nd5 15. Bd6 Re8 16. 0-0 f6 17. Rfe1 Qd7 18. h4 Qf7 19. b4 b5 20. a4 a6 21. Ra1 Bf8 22. Bh2 Red8 23. g4 Bg7 24. g5 e5 25. gxf6 Qxf6 26. Ng5 exd4 27. Re6 Qf8 28. h5 Bc8 29. Rxc6 Bb7 30. Re6 Nc3 31. hxg6 Rd5 32. c6 Bc8 33. gxh7+ Kh8 34. Bd6 Rxd6 35. Rxd6 Bf5 36. c7 Bxh7 37. Rd8 1-0

[Event "Aix les Bains op 1st"]
[Site "Aix les Bains"]
[Date "2014.08.10"]
[Round "6"]
[White "Py, Walter"]
[Black "Barbaras, Mathieu"]
[Result "0-1"]
[WhiteElo "2063"]
[BlackElo "2150"]
[PlyCount "274"]
[EventDate "2014.08.10"]
[EventType "swiss"]
[EventRounds "7"]
[EventCountry "FRA"]
[SourceTitle "CBM 161 Extra"]
[Source "ChessBase"]
[SourceDate "2014.08.29"]
[SourceVersion "1"]
[SourceVersionDate "2014.08.29"]
[SourceQuality "1"]

1. e4 c5 2. Nf3 Nc6 3. d4 cxd4 4. Nxd4 e5 5. Nb5 a6 6. Nd6+ Bxd6 7. Qxd6 Qf6 8. Qd1 Qg6 9. Nc3 Nge7 10. Be3 d5 11. Nxd5 Nxd5 12. Qxd5 Be6 13. Qc5 Qxe4 14. Bd3 Qb4+ 15. c3 Qxc5 16. Bxc5 0-0-0 17. Ke2 Rhe8 18. h3 e4 19. Bc2 Bc4+ 20. Ke3 f5 21. Rhd1 Bd3 22. Bb3 g5 23. g3 Ne5 24. Bd4 f4+ 25. gxf4 gxf4+ 26. Kxf4 Ng6+ 27. Ke3 Nh4 28. Rg1 Nf5+ 29. Kd2 Nxd4 30. cxd4 Rxd4 31. Rac1+ Kb8 32. Ke3 Rd6 33. Rg7 Bb5 34. Rc3 Rf6 35. Bd1 Rh6 36. Bg4 Bc6 37. Bf5 Rf6 38. Bg4 h6 39. Rh7 Ref8 40. Rc2 Rd8 41. Be2 Rd5 42. Re7 Ra5 43. a3 Raf5 44. Bg4 Rb5 45. Re6 Rb3+ 46. Kd4 Rd3+ 47. Ke5 Rf8 48. Rcxc6 bxc6 49. Kxe4 Rb3 50. Rxc6 Kb7 51. Rc2 h5 52. Bxh5 Rxh3 53. Bg4 Rh2 54. Ke3 Kb6 55. Rd2 Rf6 56. f3 Rxd2 57. Kxd2 Kc5 58. Kc3 Rf4 59. b3 Kd5 60. Kd3 Rf6 61. Kc3 Rc6+ 62. Kb4 Kd4 63. Bf5 Rb6+ 64. Ka4 a5 65. Be4 Kc5 66. Bc2 Rb8 67. Be4 Rb6 68. Bc2 Rb7 69. Be4 Ra7 70. Bc2 Rd7 71. Be4 Re7 72. b4+ axb4 73. axb4+ Kc4 74. Ka5 Re5+ 75. Ka4 Rh5 76. b5 Rh1 77. Ka5 Kc5 78. Ka6 Ra1+ 79. Kb7 Kxb5 80. Kc7 Rd1 81. Bc6+ Kc5 82. Be4 Rd6 83. Kb7 Rd7+ 84. Kc8 Kd6 85. Kb8 Rc7 86. Ba8 Kd7 87. Be4 Rc3 88. Kb7 Rb3+ 89. Ka6 Kd6 90. Ka5 Kc5 91. Ka4 Re3 92. Bb7 Re2 93. Be4 Kc4 94. Ka3 Re1 95. Kb2 Re2+ 96. Ka3 Re1 97. Bb7 Re3+ 98. Ka2 Kb4 99. Be4 Rb3 100. Bd5 Rd3 101. Be4 Rd2+ 102. Ka1 Kb3 103. Bb1 Rf2 104. Be4 Rf1+ 105. Bb1 Rxf3 106. Ba2+ Kc2 107. Bb1+ Kc1 108. Ba2 Rf2 109. Bb1 Rb2 110. Ba2 Kc2 111. Bg8 Kc3 112. Ba2 Rb8 113. Bb1 Ra8+ 114. Ba2 Kb4 115. Kb2 Rh8 116. Ka1 Rh1+ 117. Kb2 Rh2+ 118. Ka1 Rh1+ 119. Kb2 Rg1 120. Bb1 Rg2+ 121. Ka1 Kb3 122. Be4 Rg4 123. Bd5+ Kc2 124. Be6 Rf4 125. Bg8 Rf6 126. Bh7+ Kb3 127. Bg8+ Kc3 128. Ba2 Ra6 129. Kb1 Kb4 130. Kb2 Rh6 131. Bb1 Rh2+ 132. Ka1 Ka3 133. Bf5 Ra2+ 134. Kb1 Rf2 135. Bd3 Kb3 136. Ka1 Ra2+ 137. Kb1 Rd2 0-1

[Event "Gap op"]
[Site "Gap"]
[Date "2009.04.28"]
[Round "3"]
[White "Py, Walter"]
[Black "Lamorte, Dominique"]
[Result "1-0"]
[WhiteElo "2115"]
[BlackElo "1650"]
[PlyCount "29"]
[EventDate "2009.04.??"]
[EventType "swiss"]
[EventRounds "9"]
[EventCountry "FRA"]
[SourceTitle "EXT 2011"]
[Source "ChessBase"]
[SourceDate "2010.11.26"]
[SourceVersion "1"]
[SourceVersionDate "2010.11.26"]
[SourceQuality "1"]

1. e4 Nf6 2. e5 Nd5 3. d4 d6 4. Nf3 Bg4 5. Be2 e6 6. 0-0 Nc6 7. c4 Nb6 8. exd6 Bxf3 9. Bxf3 Nxc4 10. Qa4 Nxd6 11. Bxc6+ bxc6 12. Qxc6+ Ke7 13. Nc3 Nf5 14. d5 Rb8 15. Bg5+ 1-0

[Event "Gap op"]
[Site "Gap"]
[Date "2009.04.26"]
[Round "1"]
[White "Py, Walter"]
[Black "Diot, Jean Marie"]
[Result "1-0"]
[WhiteElo "2115"]
[BlackElo "1590"]
[PlyCount "33"]
[EventDate "2009.04.??"]
[EventType "swiss"]
[EventRounds "9"]
[EventCountry "FRA"]
[SourceTitle "EXT 2011"]
[Source "ChessBase"]
[SourceDate "2010.11.26"]
[SourceVersion "1"]
[SourceVersionDate "2010.11.26"]
[SourceQuality "1"]

1. e4 c5 2. Nf3 Nc6 3. d4 cxd4 4. Nxd4 g6 5. Nc3 Bg7 6. Be3 a6 7. Be2 Nf6 8. 0-0 0-0 9. f4 Nxd4 10. Bxd4 d6 11. Bf3 Rb8 12. Qd2 Bg4 13. Bxf6 Bxf3 14. Bxg7 Bxg2 15. Bxf8 Bxf1 16. Bxe7 Qxe7 17. Rxf1 1-0

[Event "Gap op 2nd"]
[Site "Gap"]
[Date "2008.04.19"]
[Round "9"]
[White "Py, Walter"]
[Black "Jouet, Philippe"]
[Result "1-0"]
[WhiteElo "2101"]
[BlackElo "1893"]
[PlyCount "93"]
[EventDate "2008.04.14"]
[EventType "swiss"]
[EventRounds "9"]
[EventCountry "FRA"]
[SourceTitle "CBM 123 Extra"]
[Source "ChessBase"]
[SourceDate "2008.05.06"]
[SourceVersion "1"]
[SourceVersionDate "2008.05.06"]
[SourceQuality "1"]

1. e4 e6 2. d4 d5 3. Nd2 dxe4 4. Nxe4 Nd7 5. Nf3 Ngf6 6. Nxf6+ Nxf6 7. Bd3 b6 8. Ne5 Bb7 9. Bb5+ c6 10. Bxc6+ Bxc6 11. Nxc6 Qd5 12. Ne5 Qxg2 13. Qf3 Qxf3 14. Nxf3 Rc8 15. c3 Bd6 16. Bg5 Ne4 17. Bh4 Be7 18. Bg3 Nxg3 19. hxg3 Bf6 20. a4 a6 21. Ke2 Ke7 22. Ne5 Bxe5 23. dxe5 h6 24. Rh4 Rc5 25. Re4 Rd8 26. Rd1 Rxd1 27. Kxd1 b5 28. f4 Kd7 29. Rd4+ Kc6 30. Rd6+ Kb7 31. axb5 axb5 32. Kc2 g5 33. Rd7+ Kc6 34. Rxf7 gxf4 35. gxf4 Rc4 36. Kd3 Ra4 37. b4 Ra1 38. Rf6 Kd5 39. Rxh6 Rd1+ 40. Kc2 Rf1 41. Rf6 Rh1 42. Rf7 Rh2+ 43. Kb3 Rf2 44. Rc7 Rxf4 45. Rc5+ Ke4 46. Rxb5 Rf5 47. Rc5 1-0

[Event "Chambery op 13th"]
[Site "Chambery"]
[Date "2007.08.04"]
[Round "8"]
[White "Py, Walter"]
[Black "Safranska, Anda"]
[Result "0-1"]
[WhiteElo "2119"]
[BlackElo "2301"]
[PlyCount "90"]
[EventDate "2007.07.28"]
[EventType "swiss"]
[EventRounds "9"]
[EventCountry "FRA"]
[SourceTitle "CBM 119 Extra"]
[Source "ChessBase"]
[SourceDate "2007.09.04"]
[SourceVersion "1"]
[SourceVersionDate "2007.09.04"]
[SourceQuality "1"]

1. d4 d6 2. g3 g6 3. Bg2 Bg7 4. Nf3 Nf6 5. 0-0 0-0 6. c4 Nc6 7. Nc3 a6 8. d5 Na5 9. Qd3 c5 10. dxc6 Nxc6 11. Bg5 h6 12. Bd2 Bf5 13. e4 Bg4 14. h3 Bxf3 15. Qxf3 Nd7 16. Qd1 Rc8 17. Rc1 Kh7 18. b3 Bd4 19. Ne2 Bb2 20. Rc2 Bg7 21. Bc3 b5 22. cxb5 axb5 23. Bxg7 Kxg7 24. Qa1+ Kh7 25. Rfc1 Qb6 26. Nf4 Qa6 27. Bf1 Qb7 28. Nd5 e5 29. b4 Kg7 30. Qc3 Nf6 31. Qd3 Nd4 32. Rc7 Rxc7 33. Rxc7 Qb8 34. Rc1 Nxd5 35. exd5 Qa8 36. Bg2 Qxa2 37. Rc6 Qa1+ 38. Kh2 Rd8 39. Rc7 Qb2 40. f4 exf4 41. gxf4 Qxb4 42. Be4 Ra8 43. Bg2 Nf5 44. Qf1 Ra2 45. Qc1 Qe4 0-1

[Event "Chambery op 13th"]
[Site "Chambery"]
[Date "2007.08.03"]
[Round "7"]
[White "Fevre, Mathieu"]
[Black "Py, Walter"]
[Result "0-1"]
[WhiteElo "1999"]
[BlackElo "2119"]
[PlyCount "56"]
[EventDate "2007.07.28"]
[EventType "swiss"]
[EventRounds "9"]
[EventCountry "FRA"]
[SourceTitle "CBM 119 Extra"]
[Source "ChessBase"]
[SourceDate "2007.09.04"]
[SourceVersion "1"]
[SourceVersionDate "2007.09.04"]
[SourceQuality "1"]

1. e4 e5 2. Nf3 Nc6 3. Bc4 Nf6 4. d4 exd4 5. 0-0 d6 6. Nxd4 Bd7 7. Nc3 Be7 8. f4 0-0 9. Kh1 a6 10. a4 Na5 11. Bd3 c5 12. Nf3 c4 13. Be2 Bc6 14. Qd4 b5 15. axb5 axb5 16. Be3 Nb7 17. Nd5 Bxd5 18. exd5 Nc5 19. Nd2 Nfd7 20. Ne4 Nxe4 21. Qxe4 Bf6 22. c3 Rxa1 23. Rxa1 Re8 24. Qf3 Qe7 25. Qh3 Qxe3 26. Qxd7 Qxe2 27. h3 Bh4 28. Qxd6 Bg3 0-1

[Event "Chambery op 13th"]
[Site "Chambery"]
[Date "2007.08.02"]
[Round "6"]
[White "Py, Walter"]
[Black "Budin, Florent"]
[Result "1/2-1/2"]
[WhiteElo "2119"]
[BlackElo "1999"]
[PlyCount "64"]
[EventDate "2007.07.28"]
[EventType "swiss"]
[EventRounds "9"]
[EventCountry "FRA"]
[SourceTitle "CBM 119 Extra"]
[Source "ChessBase"]
[SourceDate "2007.09.04"]
[SourceVersion "1"]
[SourceVersionDate "2007.09.04"]
[SourceQuality "1"]

1. d4 Nf6 2. Nf3 g6 3. c4 Bg7 4. Nc3 d6 5. g3 0-0 6. Bg2 c6 7. 0-0 Nbd7 8. e4 e5 9. Re1 Qe7 10. b3 h6 11. Bb2 Ne8 12. Qd2 Kh7 13. a4 g5 14. dxe5 Nxe5 15. Nd4 Qf6 16. h3 Nxc4 17. Qc2 Qxd4 18. Rad1 Qb6 19. bxc4 Kg8 20. Rb1 Qc7 21. Nd1 f5 22. Ne3 f4 23. Nf5 Bxf5 24. exf5 fxg3 25. fxg3 Nf6 26. Re6 Rae8 27. Rbe1 Rxe6 28. Rxe6 Qb6+ 29. Kh2 Ng4+ 30. hxg4 Qxb2 31. Qxb2 Bxb2 32. Rxd6 Bf6 1/2-1/2

[Event "FRA-chT3 Gr01 0607"]
[Site "France"]
[Date "2007.03.18"]
[Round "7.2"]
[White "Thetis, Jimmy"]
[Black "Py, Walter"]
[Result "1/2-1/2"]
[WhiteElo "2104"]
[BlackElo "2118"]
[PlyCount "49"]
[EventDate "2006.10.15"]
[EventType "team-tourn"]
[EventRounds "9"]
[EventCountry "FRA"]
[SourceTitle "EXT 2008"]
[Source "ChessBase"]
[SourceDate "2007.11.25"]
[SourceVersion "1"]
[SourceVersionDate "2007.11.25"]
[SourceQuality "1"]

1. d4 Nf6 2. c4 c6 3. Nc3 d5 4. Nf3 g6 5. Bg5 Bg7 6. e3 0-0 7. Bd3 a5 8. Rc1 e6 9. 0-0 Qb6 10. Na4 Qa7 11. c5 Nfd7 12. Qb3 f6 13. Bh4 Na6 14. Nb6 Nxb6 15. cxb6 Qb8 16. e4 Bd7 17. e5 f5 18. Be7 Rf7 19. Bd6 Qd8 20. a3 g5 21. Bxa6 Rxa6 22. Bc7 Qe7 23. Bd6 Qd8 24. Bc7 Qe7 25. Bd6 1/2-1/2

[Event "FRA-chT3 Gr01 0607"]
[Site "France"]
[Date "2006.10.15"]
[Round "1.3"]
[White "Milesi, Laurent"]
[Black "Py, Walter"]
[Result "0-1"]
[WhiteElo "2110"]
[BlackElo "2110"]
[PlyCount "60"]
[EventDate "2006.10.15"]
[EventType "team-tourn"]
[EventRounds "9"]
[EventCountry "FRA"]
[SourceTitle "EXT 2008"]
[Source "ChessBase"]
[SourceDate "2007.11.25"]
[SourceVersion "1"]
[SourceVersionDate "2007.11.25"]
[SourceQuality "1"]

1. e4 e6 2. d3 d5 3. Nd2 Nf6 4. Ngf3 c5 5. g3 Nc6 6. Bg2 Be7 7. 0-0 0-0 8. Re1 Re8 9. e5 Nd7 10. c3 a5 11. h4 h6 12. Nf1 Bf8 13. Bf4 f6 14. d4 cxd4 15. cxd4 fxe5 16. dxe5 Nc5 17. h5 b6 18. Nh4 Ra7 19. Qg4 Nd3 20. Bxh6 Ncxe5 21. Rxe5 Nxe5 22. Qe2 gxh6 23. Qxe5 Bg7 24. Qe2 Ba6 25. Qd1 Qf6 26. Ne3 Rf7 27. Ng4 Qxb2 28. Rb1 Qxa2 29. Qc1 Rc8 30. Qe1 Qe2 0-1

[Event "Besancon op"]
[Site "Besancon"]
[Date "2005.12.28"]
[Round "5"]
[White "Py, Walter"]
[Black "Kharmoudi, Slimane"]
[Result "1/2-1/2"]
[WhiteElo "2116"]
[BlackElo "1961"]
[PlyCount "85"]
[EventDate "2005.12.27"]
[EventType "swiss"]
[EventRounds "7"]
[EventCountry "FRA"]
[SourceTitle "CBM 110 Extra"]
[Source "ChessBase"]
[SourceDate "2006.03.10"]
[SourceVersion "2"]
[SourceVersionDate "2006.03.10"]
[SourceQuality "1"]

1. Nf3 Nf6 2. c4 g6 3. Nc3 Bg7 4. g3 0-0 5. Bg2 c5 6. 0-0 Nc6 7. d3 d5 8. cxd5 Nxd5 9. Bd2 e5 10. Rc1 Nde7 11. a3 b6 12. b4 cxb4 13. axb4 Bb7 14. Qb3 Nf5 15. b5 Ncd4 16. Nxd4 Nxd4 17. Qa4 Bxg2 18. Kxg2 Qd7 19. Qb4 Qb7+ 20. e4 Kh8 21. Be3 Ne6 22. Nd5 f5 23. Rc6 Rae8 24. f4 Qf7 25. fxe5 Bxe5 26. Bh6 Bg7 27. Bxg7+ Qxg7 28. Nf4 Nxf4+ 29. Rxf4 fxe4 30. Rxf8+ Rxf8 31. dxe4 Qf7 32. Qd4+ Kg8 33. Qc4 Kh8 34. Qxf7 Rxf7 35. Rc8+ Kg7 36. Ra8 h6 37. Rc8 Re7 38. Kf3 Re5 39. Rc7+ Kf6 40. Rc6+ Kf7 41. Rc7+ Kf6 42. Rc6+ Kf7 43. Rc7+ 1/2-1/2

[Event "Marseille op"]
[Site "Marseille"]
[Date "2005.06.??"]
[Round "6"]
[White "Miguel, Alain"]
[Black "Py, Walter"]
[Result "0-1"]
[WhiteElo "1900"]
[BlackElo "2121"]
[PlyCount "44"]
[EventDate "2005.06.??"]
[EventType "swiss"]
[EventRounds "9"]
[EventCountry "FRA"]
[SourceTitle "EXT 2006"]
[Source "ChessBase"]
[SourceDate "2005.11.24"]
[SourceVersion "1"]
[SourceVersionDate "2005.11.24"]
[SourceQuality "1"]

1. Nf3 d5 2. b3 c5 3. e3 Nf6 4. Bb2 Nc6 5. Bb5 Bd7 6. 0-0 e6 7. Bxc6 Bxc6 8. Ne5 Qc7 9. f4 Bd6 10. d3 0-0-0 11. Nd2 h5 12. c4 Ng4 13. d4 Nxe3 14. Qe2 Nxf1 15. Rxf1 f6 16. Nxc6 bxc6 17. Qxe6+ Kb8 18. cxd5 cxd5 19. Rc1 Rhe8 20. Qf5 Bxf4 21. Rxc5 Bxh2+ 22. Kf2 Qg3+ 0-1

[Event "Val Thorens op"]
[Site "Val Thorens"]
[Date "2002.07.28"]
[Round "8"]
[White "Marzolo, Cyril"]
[Black "Py, Walter"]
[Result "1-0"]
[WhiteElo "2415"]
[BlackElo "2122"]
[PlyCount "83"]
[EventDate "2002.07.15"]
[EventType "swiss"]
[EventRounds "9"]
[EventCountry "FRA"]
[SourceTitle "EXT 2003"]
[Source "ChessBase"]
[SourceDate "2002.11.25"]
[SourceVersion "1"]
[SourceVersionDate "2002.11.25"]
[SourceQuality "1"]

1. d4 Nf6 2. Bg5 e6 3. Nf3 Be7 4. Nbd2 d5 5. e3 0-0 6. Bd3 c5 7. c3 Nc6 8. Qe2 cxd4 9. exd4 Re8 10. 0-0 Nd7 11. Bf4 Nf8 12. Bg3 Bd6 13. Ne5 f6 14. Nxc6 bxc6 15. f4 c5 16. dxc5 Bxc5+ 17. Kh1 a5 18. Nb3 Bb6 19. Rae1 Bd7 20. Qf3 a4 21. Nd2 Ra5 22. Qe2 Qa8 23. c4 Bc6 24. Rc1 Ra7 25. c5 Bc7 26. Nf3 e5 27. fxe5 fxe5 28. Ng5 Bd8 29. Rxf8+ Kxf8 30. Rf1+ Bf6 31. Nxh7+ Ke7 32. Nxf6 gxf6 33. Bh4 Kd8 34. Bxf6+ Kc8 35. Bg6 Rg8 36. Bf5+ Bd7 37. Qxe5 Qc6 38. Bh4 Bxf5 39. Qxf5+ Qd7 40. Qf6 Qd8 41. Bg3 Rg4 42. Qd6 1-0

[Event "Val Thorens op"]
[Site "Val Thorens"]
[Date "2002.??.??"]
[Round "2"]
[White "Colovic, Aleksandar"]
[Black "Py, Walter"]
[Result "1/2-1/2"]
[WhiteElo "2362"]
[BlackElo "2122"]
[PlyCount "63"]
[EventDate "2002.07.15"]
[EventType "swiss"]
[EventRounds "9"]
[EventCountry "FRA"]
[SourceTitle "EXT 2003"]
[Source "ChessBase"]
[SourceDate "2002.11.25"]
[SourceVersion "1"]
[SourceVersionDate "2002.11.25"]
[SourceQuality "1"]

1. e4 e5 2. Nf3 Nc6 3. Bb5 Nd4 4. Nxd4 exd4 5. 0-0 Bc5 6. d3 c6 7. Bc4 d5 8. exd5 cxd5 9. Bb5+ Bd7 10. Bxd7+ Qxd7 11. Nd2 Ne7 12. Nb3 Bb6 13. Bg5 0-0 14. Bxe7 Qxe7 15. Re1 Qg5 16. Qe2 Rac8 17. a4 a5 18. g3 Rc6 19. Qe7 Qf5 20. Re5 Qc8 21. Rxd5 Re6 22. Qd7 Qxc2 23. Nxd4 Qxb2 24. Rf1 Rf6 25. Nf5 g6 26. Nh6+ Kg7 27. Ng4 Re6 28. Rb5 Qd4 29. Qxb7 Rd8 30. Ne5 Rxe5 31. Rxe5 Qxe5 32. Qxb6 1/2-1/2

[Event "Val Thorens A"]
[Site "Val Thorens"]
[Date "1996.??.??"]
[Round "7"]
[White "Lauferon, Patrick"]
[Black "Py, Walter"]
[Result "1-0"]
[WhiteElo "2200"]
[BlackElo "2135"]
[PlyCount "87"]
[EventDate "1996.??.??"]
[EventType "swiss"]
[EventRounds "9"]
[EventCountry "FRA"]
[SourceTitle "EXT 2004"]
[Source "ChessBase"]
[SourceDate "2003.11.25"]
[SourceVersion "1"]
[SourceVersionDate "2003.11.25"]
[SourceQuality "1"]

1. d4 Nf6 2. c4 e6 3. Nc3 Bb4 4. e3 0-0 5. Nge2 b6 6. a3 Bxc3+ 7. Nxc3 Bb7 8. f3 d5 9. Be2 Nbd7 10. cxd5 exd5 11. 0-0 c5 12. Bd3 Re8 13. Bd2 a6 14. Rc1 Qc7 15. Ne2 Rad8 16. Qe1 Nf8 17. Ng3 Ne6 18. Nf5 Qb8 19. Qh4 Bc8 20. g4 Nf8 21. Nh6+ gxh6 22. Qxf6 Ng6 23. dxc5 bxc5 24. Rxc5 Qe5 25. Qxe5 Nxe5 26. Be2 Be6 27. Bxa6 Nc4 28. Bxc4 dxc4 29. Bc3 Rd3 30. Kf2 Red8 31. a4 R8d5 32. Rxd5 Bxd5 33. a5 Bb7 34. Ra1 Ba6 35. Ra4 Rd5 36. e4 Rb5 37. Ke3 h5 38. h3 hxg4 39. hxg4 h5 40. gxh5 Rxh5 41. Ra1 Rh6 42. Rg1+ Rg6 43. Rxg6+ fxg6 44. Kd4 1-0

[Event "Val Thorens A"]
[Site "Val Thorens"]
[Date "1996.??.??"]
[Round "6"]
[White "Py, Walter"]
[Black "Carlhammar, Magnus"]
[Result "1/2-1/2"]
[WhiteElo "2135"]
[BlackElo "2310"]
[PlyCount "79"]
[EventDate "1996.??.??"]
[EventType "swiss"]
[EventRounds "9"]
[EventCountry "FRA"]
[SourceTitle "EXT 2004"]
[Source "ChessBase"]
[SourceDate "2003.11.25"]
[SourceVersion "1"]
[SourceVersionDate "2003.11.25"]
[SourceQuality "1"]

1. e4 e5 2. f4 exf4 3. Nf3 Be7 4. Bc4 Nf6 5. e5 Ng4 6. 0-0 d6 7. exd6 Qxd6 8. d4 g5 9. Re1 Nc6 10. b3 0-0 11. h3 Ne3 12. Bxe3 fxe3 13. Rxe3 g4 14. hxg4 Bxg4 15. c3 Qh6 16. Re1 Bd6 17. Nbd2 Ne7 18. Ne4 Bf4 19. Nf2 Be6 20. Bxe6 fxe6 21. Qe2 Nd5 22. Ng4 Qg6 23. Qxe6+ Qxe6 24. Rxe6 b5 25. Nge5 Bxe5 26. Rxe5 Nxc3 27. Rc1 Nxa2 28. Rxc7 Rf7 29. Rxf7 Kxf7 30. Rxb5 Kg6 31. Rc5 h6 32. Rc7 Kf5 33. d5 Nb4 34. d6 Na6 35. Re7 Rd8 36. Rxa7 Nc5 37. b4 Nd3 38. Nd4+ Ke4 39. Nb5 Kd5 40. Ra1 1/2-1/2

[Event "Val Thorens A"]
[Site "Val Thorens"]
[Date "1996.??.??"]
[Round "5"]
[White "Py, Walter"]
[Black "Schlupp, Andre"]
[Result "1-0"]
[WhiteElo "2135"]
[BlackElo "1970"]
[PlyCount "89"]
[EventDate "1996.??.??"]
[EventType "swiss"]
[EventRounds "9"]
[EventCountry "FRA"]
[SourceTitle "EXT 2004"]
[Source "ChessBase"]
[SourceDate "2003.11.25"]
[SourceVersion "1"]
[SourceVersionDate "2003.11.25"]
[SourceQuality "1"]

1. e4 c5 2. Nf3 d6 3. d4 cxd4 4. Nxd4 Nf6 5. Nc3 g6 6. Be2 Bg7 7. Be3 0-0 8. 0-0 Nc6 9. Kh1 a6 10. a4 Bd7 11. Nb3 Na5 12. Nd2 Be6 13. f4 Qc8 14. Bf3 Nc4 15. Nxc4 Bxc4 16. Re1 Rd8 17. Bb6 Re8 18. Qd2 Be6 19. Rad1 Bg4 20. Bxg4 Qxg4 21. e5 dxe5 22. fxe5 Nh5 23. Nd5 Qxa4 24. Nc7 Rad8 25. Qxd8 Rxd8 26. Rxd8+ Bf8 27. e6 f5 28. Nd5 Qh4 29. Rd1 Ng7 30. Nc7 Qc4 31. Rxf8+ Kxf8 32. Rd8+ Ne8 33. Rxe8+ Kg7 34. Rxe7+ Kh6 35. Rd7 Qf1+ 36. Bg1 f4 37. Rd3 Qe2 38. Nd5 Qxe6 39. Nxf4 Qe5 40. Be3 g5 41. Ne2 Qxb2 42. Rd6+ Kh5 43. Ng3+ Kh4 44. Rd4+ g4 45. Rd5 1-0